Statistics for IKEA Locations - Tile Select

Click here to take the quiz!

General Stats

  • This quiz has been taken 177 times
  • The average score is 42 of 64

Answer Stats

QuestionTileSelect% Correct
states with at least 1 IKEACaliforniaYes
93%
states with at least 3 IKEAsCaliforniaYes
91%
countries with at least 20 IKEA locationsUnited StatesYes
90%
countries with at least 20 IKEA locationsThailandNo
89%
states with at least 1 IKEAWyomingNo
89%
countries with at least 20 IKEA locationsPhilippinesNo
88%
countries with at least 20 IKEA locationsSaudi ArabiaNo
88%
states with at least 3 IKEAsAlabamaNo
87%
states with at least 3 IKEAsIdahoNo
87%
states with at least 3 IKEAsNew YorkYes
87%
states with at least 1 IKEAPennsylvaniaYes
87%
states with at least 3 IKEAsTexasYes
85%
states with at least 1 IKEAMichiganYes
84%
states with at least 1 IKEAMaineNo
83%
states with at least 1 IKEAGeorgiaYes
82%
states with at least 1 IKEAIowaNo
81%
states with at least 1 IKEADelawareNo
80%
countries with at least 20 IKEA locationsGermanyYes
80%
states with at least 3 IKEAsSouth CarolinaNo
80%
states with at least 1 IKEAColoradoYes
79%
countries with at least 20 IKEA locationsUnited KingdomYes
78%
countries with exactly 1 IKEABangladeshNo
77%
states with at least 3 IKEAsFloridaYes
77%
states with at least 1 IKEAMinnesotaYes
77%
countries with at least 20 IKEA locationsSwedenYes
76%
states with at least 1 IKEANew MexicoNo
75%
countries with at least 20 IKEA locationsFranceYes
74%
states with at least 1 IKEAHawaiiNo
72%
states with at least 3 IKEAsMarylandNo
72%
countries with at least 20 IKEA locationsMexicoNo
72%
states with at least 3 IKEAsPennsylvaniaYes
72%
countries with exactly 1 IKEAIndonesiaNo
71%
states with at least 3 IKEAsTennesseeNo
71%
countries with exactly 1 IKEAIndiaNo
70%
countries with exactly 1 IKEAJamaicaNo
67%
countries with exactly 1 IKEAPeruNo
67%
states with at least 3 IKEAsArizonaNo
62%
countries with exactly 1 IKEAIcelandYes
62%
countries with at least 20 IKEA locationsAustraliaNo
61%
countries with at least 20 IKEA locationsBrazilNo
61%
states with at least 1 IKEAIndianaYes
60%
states with at least 1 IKEALouisianaNo
57%
states with at least 1 IKEASouth CarolinaNo
56%
countries with exactly 1 IKEAEstoniaYes
55%
states with at least 3 IKEAsVirginiaNo
55%
states with at least 3 IKEAsMassachusettsNo
52%
countries with exactly 1 IKEASloveniaYes
52%
countries with exactly 1 IKEAGreeceNo
50%
countries with at least 20 IKEA locationsItalyYes
50%
countries with at least 20 IKEA locationsJapanNo
45%
countries with exactly 1 IKEAQatarYes
45%
countries with at least 20 IKEA locationsSpainYes
44%
countries with at least 20 IKEA locationsChinaYes
43%
states with at least 3 IKEAsNew JerseyNo
43%
states with at least 3 IKEAsWashingtonNo
43%
countries with exactly 1 IKEANew ZealandNo
41%
countries with exactly 1 IKEALithuaniaNo
38%
countries with at least 20 IKEA locationsCanadaNo
35%
countries with exactly 1 IKEACyprusYes
35%
states with at least 3 IKEAsIllinoisNo
33%
countries with exactly 1 IKEAUkraineYes
31%
countries with exactly 1 IKEAJordanYes
26%
states with at least 1 IKEAKansasYes
26%
countries with exactly 1 IKEAMexicoYes
18%

Score Distribution

Percentile by Number Answered

Percent of People with Each Score

Your Score History

You have not taken this quiz